The Dark Side Of The Moon Tracklist - Statistics

General Stats
  • This quiz has been taken 21 times
  • The average score is 8 of 10
Answer Stats
# Answer Streams Artist(s) % Correct
6 Money 637,735,978 Pink Floyd
100%
9 Brain Damage 256,874,317 Pink Floyd
91%
2 Breathe (In the Air) 582,154,865 Pink Floyd
91%
5 The Great Gig in the Sky 439,896,585 Pink Floyd
91%
4 Time 511,486,742 Pink Floyd
91%
10 Eclipse 114,016,155 Pink Floyd
82%
7 Us and Them 241,501,641 Pink Floyd
82%
8 Any Colour You Like 132,242,174 Pink Floyd
73%
3 On the Run 129,773,980 Pink Floyd
64%
1 Speak to Me 122,740,727 Pink Floyd
45%
No matching quizzes found
Score Distribution
Percent of People with Each Score
Percentile by Number Answered
Your Score History
You have not taken this quiz